000 00899cam a22002534a 4500
001 12704556
005 20250212082353.0
008 020314s2003 enka b 001 0 eng
020 _a0195134362 (hardcover : alk. paper)
050 0 0 _aHG3881
_b.S5434 2003
082 0 0 _a332.1/5
_221
100 1 _aSmith, Roy C.,
_d1938-
245 1 0 _aGlobal banking /
_cRoy C. Smith, Ingo Walter.
250 _a2nd ed.
260 _aOxford ;
_aNew York :
_bOxford University Press,
_c2003.
300 _ax, 438 p. :
_bill. ;
_c25 cm.
650 0 _aBanks and banking, International.
650 0 _aCapital market.
650 0 _aCompetition, International.
700 1 _aWalter, Ingo.
856 4 2 _3Publisher description
_uhttp://www.loc.gov/catdir/enhancements/fy0612/2002003692-d.html
856 4 1 _3Table of contents only
_uhttp://www.loc.gov/catdir/enhancements/fy0612/2002003692-t.html
942 _2lcc
_cBK
_n0
999 _c3820
_d3820